[Event "MCR mladeze v rapidu 2019"]
[Site "Trest"]
[Date "2019.09.07"]
[Round "4"]
[White "Prazak, Daniel"]
[Black "Day, Tobias"]
[Result "1-0"]
[BlackElo "1839"]
[WhiteElo "1681"]
[LiveChessVersion "1.4.8"]

1. Nf3 {[%clk 0:20:08]} f5 {[%clk 0:20:08]} 2. d3 {[%clk 0:20:12]} Nf6
{[%clk 0:20:04]} 3. e4 {[%clk 0:20:16]} d6 {[%clk 0:19:26]} 4. exf5
{[%clk 0:20:08]} Bxf5 {[%clk 0:19:27]} 5. d4 {[%clk 0:20:11]} g6 {[%clk 0:18:42]}
6. Bd3 {[%clk 0:19:38]} Qd7 {[%clk 0:16:27]} 7. O-O {[%clk 0:18:25]} Bxd3
{[%clk 0:15:41]} 8. Qxd3 {[%clk 0:18:22]} Bg7 {[%clk 0:15:37]} 9. Re1
{[%clk 0:17:35]} O-O {[%clk 0:12:18]} 10. Ng5 {[%clk 0:13:29]} Nc6
{[%clk 0:10:26]} 11. Ne6 {[%clk 0:11:53]} Rf7 {[%clk 0:10:06]} 12. Bd2
{[%clk 0:10:14]} Nd8 {[%clk 0:08:30]} 13. Nxg7 {[%clk 0:09:12]} Kxg7
{[%clk 0:08:24]} 14. Nc3 {[%clk 0:08:50]} Nc6 {[%clk 0:07:58]} 15. Ne4
{[%clk 0:08:22]} Nxe4 {[%clk 0:06:59]} 16. Qxe4 {[%clk 0:07:55]} Re8
{[%clk 0:06:18]} 17. d5 {[%clk 0:07:36]} Ne5 {[%clk 0:06:09]} 18. Bc3
{[%clk 0:07:13]} Ref8 {[%clk 0:03:56]} 19. Bxe5+ {[%clk 0:06:55]} dxe5
{[%clk 0:04:00]} 20. Qxe5+ {[%clk 0:06:59]} Kg8 {[%clk 0:04:02]} 21. Re2
{[%clk 0:06:06]} Qb5 {[%clk 0:02:48]} 22. b3 {[%clk 0:05:24]} Qc5
{[%clk 0:02:28]} 23. Rf1 {[%clk 0:05:22]} Qa5 {[%clk 0:01:57]} 24. c4
{[%clk 0:05:16]} Qc5 {[%clk 0:01:44]} 25. g3 {[%clk 0:04:57]} c6 {[%clk 0:00:44]}
26. dxc6 {[%clk 0:04:37]} Qxc6 {[%clk 0:00:44]} 27. Qe6 {[%clk 0:04:10]} Qf3
{[%clk 0:00:41]} 28. Qe3 {[%clk 0:04:06]} Qf5 {[%clk 0:00:31]} 29. Qxa7
{[%clk 0:03:16]} e5 {[%clk 0:00:29]} 30. Qe3 {[%clk 0:03:19]} Re7
{[%clk 0:00:28]} 31. Qe4 {[%clk 0:02:44]} Qf6 {[%clk 0:00:25]} 32. Rfe1
{[%clk 0:02:17]} Kg7 {[%clk 0:00:20]} 33. f4 Rfe8 {[%clk 0:00:09]} 34. fxe5
{[%clk 0:02:09]} Qb6+ {[%clk 0:00:10]} 35. Qe3 {[%clk 0:02:07]} Qe6
{[%clk 0:00:12]} 36. Rd1 {[%clk 0:02:01]} Rd7 {[%clk 0:00:14]} 37. Red2
{[%clk 0:01:56]} Rde7 {[%clk 0:00:14]} 38. Rd6 {[%clk 0:01:55]} Qxe5
{[%clk 0:00:14]} 39. Qxe5+ {[%clk 0:01:59]} Rxe5 40. Rd7+ R5e7 {[%clk 0:00:22]}
41. Rxe7+ {[%clk 0:02:01]} Rxe7 {[%clk 0:00:26]} 42. Kf2 {[%clk 0:02:01]} Kf7
{[%clk 0:00:28]} 43. Rd3 {[%clk 0:02:02]} Kf6 {[%clk 0:00:24]} 44. Re3
{[%clk 0:01:56]} Rd7 {[%clk 0:00:26]} 45. Ke2 {[%clk 0:02:00]} Kf5
{[%clk 0:00:23]} 46. h3 {[%clk 0:02:02]} h5 {[%clk 0:00:22]} 47. a4
{[%clk 0:01:57]} Rd6 {[%clk 0:00:21]} 48. a5 {[%clk 0:01:36]} Rc6
{[%clk 0:00:14]} 49. Rd3 {[%clk 0:01:32]} Ke6 {[%clk 0:00:14]} 50. Ke3
{[%clk 0:01:32]} Rc5 {[%clk 0:00:13]} 51. Rd5 {[%clk 0:00:39]} Rxd5
{[%clk 0:00:08]} 52. cxd5+ {[%clk 0:00:43]} Kxd5 {[%clk 0:00:12]} 53. Kd3
{[%clk 0:00:47]} Kc5 {[%clk 0:00:16]} 54. Kc3 {[%clk 0:00:49]} g5
{[%clk 0:00:19]} 55. b4+ {[%clk 0:00:52]} Kb5 {[%clk 0:00:23]} 56. Kb3
{[%clk 0:00:55]} h4 {[%clk 0:00:19]} 57. g4 {[%clk 0:00:58]} Kc6 {[%clk 0:00:19]}
58. Kc4 {[%clk 0:01:02]} Kd6 {[%clk 0:00:23]} 59. b5 {[%clk 0:01:05]} Kc7
{[%clk 0:00:27]} 60. Kc5 {[%clk 0:01:09]} Kb8 {[%clk 0:00:27]} 61. Kb6
{[%clk 0:01:12]} Ka8 {[%clk 0:00:17]} 62. a6 {[%clk 0:01:16]} Kb8
{[%clk 0:00:18]} 63. Ka5 {[%clk 0:01:13]} bxa6 {[%clk 0:00:06]} 64. Kxa6
{[%clk 0:01:16]} Ka8 {[%clk 0:00:08]} 65. b6 {[%clk 0:01:20]} 1-0

[Event "MCR mladeze v rapidu 2019"]
[Site "Trest"]
[Date "2019.09.07"]
[Round "4"]
[White "Janous, Marek"]
[Black "Vasinek, Martin"]
[Result "1-0"]
[BlackElo "1606"]
[WhiteElo "1847"]
[LiveChessVersion "1.4.8"]

1. e4 {[%clk 0:20:08]} c5 {[%clk 0:20:07]} 2. Nf3 Nc6 {[%clk 0:20:16]} 3. d4
{[%clk 0:20:15]} cxd4 {[%clk 0:20:16]} 4. Nxd4 {[%clk 0:20:19]} g6
{[%clk 0:20:20]} 5. Nc3 {[%clk 0:20:22]} Bg7 {[%clk 0:20:25]} 6. Be3
{[%clk 0:20:26]} Nf6 {[%clk 0:20:25]} 7. Bc4 {[%clk 0:20:29]} Qc7
{[%clk 0:20:30]} 8. O-O {[%clk 0:20:31]} O-O {[%clk 0:20:34]} 9. Bb3
{[%clk 0:20:35]} d6 {[%clk 0:20:34]} 10. h3 {[%clk 0:20:37]} Bd7 {[%clk 0:19:34]}
11. f4 {[%clk 0:20:38]} Rfc8 {[%clk 0:19:20]} 12. Qd2 {[%clk 0:19:42]} a6
{[%clk 0:18:49]} 13. Rad1 {[%clk 0:19:39]} b5 {[%clk 0:18:49]} 14. e5
{[%clk 0:19:01]} dxe5 {[%clk 0:17:50]} 15. Nxc6 {[%clk 0:19:01]} Bxc6
{[%clk 0:16:55]} 16. fxe5 {[%clk 0:19:01]} Rd8 {[%clk 0:16:11]} 17. Qf2
{[%clk 0:19:06]} Nh5 {[%clk 0:14:00]} 18. Bb6 {[%clk 0:19:06]} Qb7
{[%clk 0:14:00]} 19. Qxf7+ {[%clk 0:19:06]} Kh8 {[%clk 0:14:00]} 20. Bxd8
{[%clk 0:18:33]} 1-0

[Event "MCR mladeze v rapidu 2019"]
[Site "Trest"]
[Date "2019.09.07"]
[Round "4"]
[White "Smolik, Jachym"]
[Black "Kubin, Tomas Daniel"]
[Result "1-0"]
[BlackElo "1587"]
[WhiteElo "1873"]
[LiveChessVersion "1.4.8"]

1. d4 {[%clk 0:20:09]} d5 {[%clk 0:20:08]} 2. c4 {[%clk 0:20:13]} e6
{[%clk 0:20:13]} 3. Nc3 {[%clk 0:20:17]} Nf6 {[%clk 0:20:17]} 4. cxd5
{[%clk 0:20:21]} exd5 {[%clk 0:20:21]} 5. Bg5 {[%clk 0:20:25]} Be7
{[%clk 0:20:12]} 6. e3 {[%clk 0:20:25]} Nbd7 {[%clk 0:19:55]} 7. Bd3
{[%clk 0:20:19]} O-O {[%clk 0:19:44]} 8. Qc2 {[%clk 0:20:07]} c6 {[%clk 0:19:30]}
9. Nf3 {[%clk 0:19:48]} Re8 {[%clk 0:19:14]} 10. O-O {[%clk 0:19:20]} h6
{[%clk 0:18:33]} 11. Bh4 {[%clk 0:19:16]} Nf8 {[%clk 0:18:23]} 12. Rab1
{[%clk 0:18:49]} Bg4 {[%clk 0:17:58]} 13. Ne5 {[%clk 0:18:29]} Bh5
{[%clk 0:17:36]} 14. b4 {[%clk 0:17:01]} Bd6 {[%clk 0:16:43]} 15. Bg3
{[%clk 0:16:46]} Bxe5 {[%clk 0:16:25]} 16. Bxe5 {[%clk 0:16:38]} Bg6
{[%clk 0:16:02]} 17. b5 {[%clk 0:16:16]} Bxd3 {[%clk 0:15:20]} 18. Qxd3
{[%clk 0:16:20]} Ng6 {[%clk 0:15:17]} 19. Bxf6 {[%clk 0:16:00]} Qxf6
{[%clk 0:15:00]} 20. Rfc1 {[%clk 0:15:16]} Nh4 {[%clk 0:13:07]} 21. bxc6
{[%clk 0:14:44]} bxc6 {[%clk 0:13:09]} 22. Ne2 {[%clk 0:14:45]} Nf5
{[%clk 0:12:01]} 23. Rc5 {[%clk 0:13:26]} Rec8 {[%clk 0:10:15]} 24. Rbc1
{[%clk 0:13:21]} Rab8 {[%clk 0:09:21]} 25. Qa3 {[%clk 0:13:15]} Rb7
{[%clk 0:09:03]} 26. Rxd5 {[%clk 0:10:34]} cxd5 {[%clk 0:07:05]} 27. Rxc8+
{[%clk 0:10:38]} Kh7 {[%clk 0:07:09]} 28. Rc1 {[%clk 0:10:42]} Nd6
{[%clk 0:06:06]} 29. Qd3+ {[%clk 0:09:45]} g6 {[%clk 0:05:17]} 30. Qc2
{[%clk 0:07:41]} Re7 {[%clk 0:03:49]} 31. Nf4 {[%clk 0:07:28]} Qg5
{[%clk 0:03:09]} 32. Qc5 {[%clk 0:06:49]} Rd7 {[%clk 0:01:06]} 33. Qxd5
{[%clk 0:06:17]} Qxd5 {[%clk 0:00:37]} 34. Nxd5 {[%clk 0:06:21]} Kg7
{[%clk 0:00:36]} 35. Rc7 {[%clk 0:05:45]} Rxc7 {[%clk 0:00:32]} 36. Nxc7
{[%clk 0:05:49]} Kf6 {[%clk 0:00:33]} 37. Nd5+ {[%clk 0:05:49]} Ke6
{[%clk 0:00:36]} 38. Nc3 {[%clk 0:05:53]} a6 {[%clk 0:00:29]} 39. Kf1
{[%clk 0:05:56]} Nb5 {[%clk 0:00:23]} 40. Nxb5 {[%clk 0:05:56]} axb5
{[%clk 0:00:27]} 41. Ke2 {[%clk 0:05:59]} Kd5 {[%clk 0:00:31]} 42. Kd3
{[%clk 0:06:03]} f6 {[%clk 0:00:33]} 43. e4+ {[%clk 0:06:06]} Kd6
{[%clk 0:00:34]} 44. f4 1-0

[Event "MCR mladeze v rapidu 2019"]
[Site "Trest"]
[Date "2019.09.07"]
[Round "4"]
[White "Veverkova, Dorota"]
[Black "Zelbova, Lada"]
[Result "0-1"]
[BlackElo "1521"]
[WhiteElo "1366"]
[LiveChessVersion "1.4.8"]

1. e4 {[%clk 0:20:07]} c5 {[%clk 0:20:09]} 2. Nf3 {[%clk 0:20:10]} d6
{[%clk 0:20:12]} 3. d4 {[%clk 0:20:13]} cxd4 {[%clk 0:20:15]} 4. Nxd4
{[%clk 0:20:16]} Nf6 {[%clk 0:20:18]} 5. Nc3 {[%clk 0:20:19]} a6 {[%clk 0:20:22]}
6. Be2 {[%clk 0:20:01]} e6 {[%clk 0:20:06]} 7. Be3 {[%clk 0:19:43]} Be7
{[%clk 0:19:54]} 8. Qd2 {[%clk 0:19:26]} O-O {[%clk 0:19:45]} 9. O-O-O
{[%clk 0:19:03]} Nc6 {[%clk 0:19:21]} 10. h3 {[%clk 0:17:48]} d5 {[%clk 0:18:41]}
11. exd5 {[%clk 0:16:15]} Nxd5 {[%clk 0:18:18]} 12. g4 {[%clk 0:14:45]} Nxc3
{[%clk 0:16:56]} 13. Qxc3 {[%clk 0:14:27]} Qc7 {[%clk 0:16:05]} 14. g5
{[%clk 0:14:12]} Bd7 {[%clk 0:15:20]} 15. h4 {[%clk 0:13:13]} Rfc8
{[%clk 0:14:37]} 16. Qd3 {[%clk 0:11:42]} Nxd4 {[%clk 0:11:04]} 17. Bxd4
{[%clk 0:11:28]} Bc6 {[%clk 0:10:36]} 18. Rhg1 {[%clk 0:10:54]} Qf4+
{[%clk 0:08:57]} 19. Be3 {[%clk 0:09:42]} Qa4 {[%clk 0:08:29]} 20. a3
{[%clk 0:08:58]} Be4 {[%clk 0:07:52]} 21. Qd2 {[%clk 0:08:18]} Rxc2+ 0-1

[Event "MCR mladeze v rapidu 2019"]
[Site "Trest"]
[Date "2019.09.07"]
[Round "4"]
[White "Barteckova, Denisa"]
[Black "Dudkova, Josefina"]
[Result "0-1"]
[BlackElo "1407"]
[WhiteElo "1373"]
[LiveChessVersion "1.4.8"]

1. e4 {[%clk 0:20:08]} d5 {[%clk 0:20:03]} 2. exd5 {[%clk 0:20:08]} Nf6
{[%clk 0:20:06]} 3. d4 {[%clk 0:20:12]} Qxd5 {[%clk 0:20:04]} 4. Nc3
{[%clk 0:20:09]} Qd8 {[%clk 0:18:45]} 5. Bb5+ {[%clk 0:19:38]} Bd7
{[%clk 0:18:33]} 6. Bxd7+ {[%clk 0:19:40]} Qxd7 {[%clk 0:18:36]} 7. Nf3
{[%clk 0:19:41]} Nc6 {[%clk 0:18:31]} 8. Bg5 {[%clk 0:19:19]} O-O-O
{[%clk 0:17:54]} 9. Bxf6 {[%clk 0:18:38]} gxf6 {[%clk 0:17:34]} 10. Qd2
{[%clk 0:18:03]} Qg4 {[%clk 0:16:57]} 11. O-O-O {[%clk 0:17:30]} Qxg2
{[%clk 0:16:22]} 12. Qe3 {[%clk 0:17:07]} Qh3 {[%clk 0:15:14]} 13. d5
{[%clk 0:16:21]} Bh6 {[%clk 0:14:58]} 14. Ng5 {[%clk 0:15:56]} Bxg5
{[%clk 0:14:39]} 15. dxc6 {[%clk 0:15:09]} Bxe3+ {[%clk 0:14:33]} 16. fxe3
{[%clk 0:15:10]} Qxe3+ {[%clk 0:14:32]} 17. Kb1 {[%clk 0:15:13]} Rxd1+
{[%clk 0:14:06]} 18. Rxd1 {[%clk 0:15:15]} bxc6 {[%clk 0:14:06]} 19. a3
{[%clk 0:15:09]} Rd8 {[%clk 0:13:56]} 20. Rf1 {[%clk 0:14:58]} Rd2
{[%clk 0:12:59]} 21. Ka2 {[%clk 0:14:29]} Qh3 {[%clk 0:12:45]} 22. Re1
{[%clk 0:13:54]} Qxh2 {[%clk 0:12:08]} 23. Rxe7 {[%clk 0:13:45]} Rxc2
{[%clk 0:11:53]} 24. Na4 {[%clk 0:13:37]} Qd6 {[%clk 0:11:16]} 25. Re1
{[%clk 0:13:18]} Qd5+ {[%clk 0:10:59]} 26. Kb1 {[%clk 0:12:58]} Qb3
{[%clk 0:10:50]} 27. Re4 {[%clk 0:12:45]} Rf2 {[%clk 0:10:32]} 28. Re8+
{[%clk 0:11:54]} Kd7 {[%clk 0:10:00]} 29. Nc5+ {[%clk 0:11:32]} Kxe8
{[%clk 0:09:58]} 30. Nxb3 {[%clk 0:11:35]} h5 {[%clk 0:09:55]} 31. Nd4
{[%clk 0:11:35]} Kd7 {[%clk 0:09:40]} 32. Kc1 {[%clk 0:11:38]} h4
{[%clk 0:09:41]} 33. Kd1 {[%clk 0:11:42]} h3 {[%clk 0:09:41]} 34. Ke1
{[%clk 0:11:46]} Rxb2 {[%clk 0:09:16]} 35. Kf1 {[%clk 0:11:37]} h2
{[%clk 0:09:18]} 36. Ne2 {[%clk 0:11:40]} h1=Q+ {[%clk 0:09:14]} 37. Kf2
{[%clk 0:11:43]} Qh2+ {[%clk 0:09:10]} 38. Kf3 {[%clk 0:11:46]} Qxe2+
{[%clk 0:09:11]} 39. Kf4 {[%clk 0:11:50]} Qb5 {[%clk 0:09:03]} 40. Ke4
{[%clk 0:11:47]} Rh2 {[%clk 0:08:59]} 41. Kf4 {[%clk 0:11:48]} Rh4+
{[%clk 0:09:01]} 42. Kg3 {[%clk 0:11:51]} Ra4 {[%clk 0:09:03]} 43. Kf3
{[%clk 0:11:49]} Rxa3+ {[%clk 0:09:04]} 44. Ke4 {[%clk 0:11:51]} Ra4+
{[%clk 0:09:07]} 45. Kd3 {[%clk 0:11:53]} Qb3+ {[%clk 0:09:10]} 46. Kd2
{[%clk 0:11:52]} Ra2+ {[%clk 0:09:13]} 47. Kc1 {[%clk 0:11:54]} Qc2# 0-1

[Event "MCR mladeze v rapidu 2019"]
[Site "Trest"]
[Date "2019.09.07"]
[Round "4"]
[White "Havelkova, Beata"]
[Black "Ticha, Sofie"]
[Result "1-0"]
[BlackElo "1340"]
[WhiteElo "1541"]
[LiveChessVersion "1.4.8"]

1. e4 {[%clk 0:20:08]} c5 {[%clk 0:20:09]} 2. c3 {[%clk 0:20:12]} e6
{[%clk 0:20:09]} 3. d4 {[%clk 0:20:14]} cxd4 {[%clk 0:20:10]} 4. cxd4
{[%clk 0:20:17]} d5 {[%clk 0:20:12]} 5. exd5 {[%clk 0:19:51]} exd5
{[%clk 0:20:14]} 6. Nf3 {[%clk 0:19:40]} Nc6 {[%clk 0:20:15]} 7. Bb5
{[%clk 0:19:11]} Qa5+ {[%clk 0:19:58]} 8. Nc3 {[%clk 0:18:56]} Bb4
{[%clk 0:19:57]} 9. Bd2 {[%clk 0:17:43]} Bxc3 {[%clk 0:19:55]} 10. Bxc6+
{[%clk 0:17:45]} bxc6 {[%clk 0:19:56]} 11. Bxc3 {[%clk 0:17:47]} Qd8
{[%clk 0:19:56]} 12. O-O {[%clk 0:17:37]} Nf6 {[%clk 0:19:57]} 13. Re1+
{[%clk 0:17:26]} Be6 {[%clk 0:20:00]} 14. Ng5 {[%clk 0:17:08]} O-O
{[%clk 0:20:00]} 15. Nxe6 {[%clk 0:16:41]} fxe6 {[%clk 0:20:03]} 16. Rxe6
{[%clk 0:15:39]} Qd7 {[%clk 0:19:39]} 17. Re3 {[%clk 0:14:17]} Rab8
{[%clk 0:19:19]} 18. Rc1 {[%clk 0:12:51]} Ne4 {[%clk 0:19:18]} 19. Rc2
{[%clk 0:10:45]} Qb7 {[%clk 0:17:09]} 20. f3 {[%clk 0:07:45]} Nxc3
{[%clk 0:17:01]} 21. Rexc3 {[%clk 0:07:46]} Rbc8 {[%clk 0:16:20]} 22. Qc1
{[%clk 0:07:29]} Rf6 {[%clk 0:15:31]} 23. Rc5 {[%clk 0:07:09]} Rd6
{[%clk 0:15:12]} 24. a3 {[%clk 0:06:42]} Qb6 {[%clk 0:13:32]} 25. b4
{[%clk 0:06:28]} a6 {[%clk 0:13:27]} 26. Kf2 {[%clk 0:05:53]} Qb7
{[%clk 0:13:03]} 27. g3 {[%clk 0:05:36]} Qb6 {[%clk 0:11:54]} 28. f4
{[%clk 0:05:37]} Qb7 {[%clk 0:11:53]} 29. Kf3 {[%clk 0:05:40]} Qb6
{[%clk 0:10:54]} 30. g4 {[%clk 0:05:38]} Qb7 {[%clk 0:10:49]} 31. f5
{[%clk 0:05:31]} Qc7 {[%clk 0:10:45]} 32. h3 {[%clk 0:05:14]} Rh6
{[%clk 0:10:38]} 33. Kg2 {[%clk 0:04:40]} Qd6 {[%clk 0:09:34]} 34. a4
{[%clk 0:04:14]} Qe7 {[%clk 0:07:42]} 35. Qf4 {[%clk 0:03:06]} Qe1
{[%clk 0:06:38]} 36. b5 {[%clk 0:02:00]} axb5 {[%clk 0:06:19]} 37. axb5
{[%clk 0:02:02]} Qh4 {[%clk 0:05:01]} 38. Qg3 {[%clk 0:01:38]} Qe7
{[%clk 0:05:01]} 39. Qe5 {[%clk 0:00:17]} Qh4 {[%clk 0:04:57]} 40. Qe3
{[%clk 0:00:15]} Qf6 {[%clk 0:04:53]} 41. bxc6 {[%clk 0:00:15]} Qd8
{[%clk 0:04:38]} 42. c7 {[%clk 0:00:11]} Qd7 {[%clk 0:04:31]} 43. g5
{[%clk 0:00:09]} Rd6 {[%clk 0:04:27]} 44. Qf3 {[%clk 0:00:08]} Qf7
{[%clk 0:04:11]} 45. h4 {[%clk 0:00:10]} Qd7 {[%clk 0:04:04]} 46. f6
{[%clk 0:00:11]} gxf6 {[%clk 0:03:55]} 47. gxf6 {[%clk 0:00:14]} Qf7
{[%clk 0:03:56]} 48. Qg4+ {[%clk 0:00:15]} Qg6 {[%clk 0:03:49]} 49. Qxg6+
{[%clk 0:00:19]} hxg6 {[%clk 0:03:53]} 50. Rc6 {[%clk 0:00:19]} Rd7
{[%clk 0:03:54]} 51. Kg3 {[%clk 0:00:22]} Kf7 {[%clk 0:03:58]} 52. Kf4
{[%clk 0:00:23]} Kf8 {[%clk 0:03:40]} 53. Kg5 {[%clk 0:00:27]} Kf7
{[%clk 0:03:44]} 54. Kh6 {[%clk 0:00:30]} Kf8 {[%clk 0:03:32]} 55. Kxg6
{[%clk 0:00:33]} Kg8 {[%clk 0:03:32]} 56. h5 {[%clk 0:00:33]} Kf8
{[%clk 0:03:00]} 57. h6 {[%clk 0:00:35]} Kg8 {[%clk 0:03:03]} 58. Re2
{[%clk 0:00:32]} Kf8 {[%clk 0:02:01]} 59. h7 {[%clk 0:00:24]} Rxh7
{[%clk 0:01:39]} 60. Kxh7 {[%clk 0:00:27]} Kf7 {[%clk 0:01:43]} 61. Re7+
{[%clk 0:00:21]} Kf8 {[%clk 0:01:44]} 62. Kg6 {[%clk 0:00:09]} Kg8
{[%clk 0:01:06]} 63. Rg7+ {[%clk 0:00:13]} Kf8 {[%clk 0:01:08]} 64. Rf7+
{[%clk 0:00:17]} Kg8 {[%clk 0:01:09]} 65. Rg7+ {[%clk 0:00:21]} Kf8
{[%clk 0:01:13]} 66. Rh7 {[%clk 0:00:17]} Kg8 {[%clk 0:01:14]} 67. f7+
{[%clk 0:00:19]} Kf8 {[%clk 0:01:06]} 68. Rh8+ {[%clk 0:00:23]} Ke7
{[%clk 0:01:05]} 69. f8=Q+ {[%clk 0:00:27]} Rxf8 {[%clk 0:01:07]} 70. c8=N+
{[%clk 0:00:28]} Rxc8 {[%clk 0:01:03]} 71. Rhxc8 {[%clk 0:00:30]} Kd7
{[%clk 0:01:04]} 72. R8c7+ {[%clk 0:00:33]} Kd8 {[%clk 0:01:05]} 73. Kh6
{[%clk 0:00:36]} Ke8 {[%clk 0:01:04]} 74. Ra7 {[%clk 0:00:36]} Kd8
{[%clk 0:01:06]} 75. Rg6 {[%clk 0:00:39]} Ke8 {[%clk 0:01:07]} 76. Rg8#
{[%clk 0:00:42]} 1-0

[Event "MCR mladeze v rapidu 2019"]
[Site "Trest"]
[Date "2019.09.07"]
[Round "4"]
[White "Sehnoutkova, Laura"]
[Black "Vavrinkova, Marie"]
[Result "1-0"]
[BlackElo "1319"]
[WhiteElo "1462"]
[LiveChessVersion "1.4.8"]

1. e4 {[%clk 0:20:08]} e5 {[%clk 0:20:07]} 2. Nf3 {[%clk 0:20:11]} Nf6
{[%clk 0:20:08]} 3. Nc3 {[%clk 0:19:46]} Bb4 {[%clk 0:19:54]} 4. Bc4
{[%clk 0:19:00]} O-O {[%clk 0:19:37]} 5. O-O {[%clk 0:18:47]} c6 {[%clk 0:19:11]}
6. Nxe5 {[%clk 0:18:04]} Bxc3 {[%clk 0:18:12]} 7. dxc3 {[%clk 0:18:03]} Nxe4
{[%clk 0:17:59]} 8. Re1 {[%clk 0:17:57]} d5 {[%clk 0:17:35]} 9. Bb3
{[%clk 0:17:43]} Qf6 {[%clk 0:15:32]} 10. Qf3 {[%clk 0:16:34]} Qxe5
{[%clk 0:13:41]} 11. Qd3 {[%clk 0:15:54]} Qf6 {[%clk 0:12:36]} 12. Be3
{[%clk 0:15:23]} Nd7 {[%clk 0:12:01]} 13. Rab1 {[%clk 0:15:07]} Ndc5
{[%clk 0:11:49]} 14. Bxc5 {[%clk 0:14:10]} Nxc5 {[%clk 0:11:48]} 15. Qe3
{[%clk 0:13:53]} Nxb3 {[%clk 0:11:03]} 16. cxb3 {[%clk 0:13:54]} Bf5
{[%clk 0:11:01]} 17. Rbd1 {[%clk 0:13:53]} h6 {[%clk 0:10:06]} 18. Qe5
{[%clk 0:13:35]} Qe6 {[%clk 0:09:21]} 19. Qf4 {[%clk 0:13:04]} Qg6
{[%clk 0:09:05]} 20. Re5 {[%clk 0:12:36]} Bh3 {[%clk 0:08:36]} 21. Qg3
{[%clk 0:11:37]} Qxg3 {[%clk 0:08:28]} 22. hxg3 {[%clk 0:11:40]} Be6
{[%clk 0:08:29]} 23. Rde1 {[%clk 0:11:43]} Rad8 {[%clk 0:08:16]} 24. R1e2
{[%clk 0:11:13]} d4 {[%clk 0:07:35]} 25. cxd4 {[%clk 0:11:11]} Rxd4
{[%clk 0:07:38]} 26. R5e4 {[%clk 0:10:39]} Rfd8 {[%clk 0:07:23]} 27. Kh2
{[%clk 0:10:07]} Rd2 {[%clk 0:07:20]} 28. f3 {[%clk 0:09:15]} Bd5
{[%clk 0:06:50]} 29. Rxd2 {[%clk 0:09:05]} Kf8 {[%clk 0:05:36]} 30. Red4
{[%clk 0:08:51]} Ke7 {[%clk 0:05:31]} 31. Kh3 {[%clk 0:08:52]} Be6+
{[%clk 0:04:59]} 32. g4 {[%clk 0:08:51]} Bd5 {[%clk 0:04:59]} 33. Kg3
{[%clk 0:08:46]} g5 {[%clk 0:04:58]} 34. f4 {[%clk 0:07:53]} f6 {[%clk 0:04:49]}
35. f5 {[%clk 0:07:05]} Kd6 {[%clk 0:04:18]} 36. b4 {[%clk 0:06:55]} Ke5
{[%clk 0:04:12]} 37. a3 {[%clk 0:06:57]} b5 {[%clk 0:03:25]} 38. b3
{[%clk 0:06:24]} a6 {[%clk 0:03:14]} 39. Kf2 {[%clk 0:05:15]} Rc8
{[%clk 0:03:09]} 40. g3 {[%clk 0:04:49]} Bxb3 {[%clk 0:02:56]} 41. R4d3
{[%clk 0:04:34]} Bd5 {[%clk 0:02:49]} 42. Re3+ {[%clk 0:04:28]} Kd6
{[%clk 0:02:49]} 43. Re6+ {[%clk 0:04:23]} Kc7 {[%clk 0:02:38]} 44. Rxf6
{[%clk 0:04:23]} Rh8 {[%clk 0:02:33]} 45. Rg6 {[%clk 0:03:45]} Be4
{[%clk 0:02:08]} 46. Rg7+ {[%clk 0:03:34]} Kb6 {[%clk 0:02:06]} 47. f6
{[%clk 0:03:35]} Bd5 {[%clk 0:02:04]} 48. Ke3 {[%clk 0:03:02]} Be6
{[%clk 0:01:38]} 49. f7 {[%clk 0:02:31]} Bxg4 {[%clk 0:01:16]} 50. Rg8
{[%clk 0:02:29]} 1-0

[Event "MCR mladeze v rapidu 2019"]
[Site "Trest"]
[Date "2019.09.07"]
[Round "4"]
[White "Jasso, Matej"]
[Black "Zelba, Lukas"]
[Result "0-1"]
[BlackElo "1656"]
[WhiteElo "1553"]
[LiveChessVersion "1.4.8"]

1. d4 {[%clk 0:20:06]} e6 {[%clk 0:20:06]} 2. c4 {[%clk 0:20:09]} d5
{[%clk 0:20:10]} 3. Nc3 {[%clk 0:20:13]} Nf6 {[%clk 0:20:14]} 4. Bg5
{[%clk 0:20:16]} Be7 {[%clk 0:20:17]} 5. e3 {[%clk 0:20:18]} c6 {[%clk 0:20:20]}
6. Nf3 {[%clk 0:20:21]} Nbd7 {[%clk 0:20:02]} 7. Be2 {[%clk 0:20:00]} dxc4
{[%clk 0:20:04]} 8. Bxc4 {[%clk 0:20:03]} Nb6 {[%clk 0:20:08]} 9. Bd3
{[%clk 0:20:00]} h6 {[%clk 0:19:52]} 10. Bh4 {[%clk 0:20:02]} c5 {[%clk 0:19:32]}
11. O-O {[%clk 0:19:55]} O-O {[%clk 0:19:33]} 12. b3 {[%clk 0:19:30]} Bd7
{[%clk 0:18:55]} 13. Bxf6 {[%clk 0:19:14]} Bxf6 {[%clk 0:18:54]} 14. Rc1
{[%clk 0:19:10]} cxd4 {[%clk 0:18:55]} 15. Nxd4 {[%clk 0:19:08]} Bxd4
{[%clk 0:18:59]} 16. exd4 {[%clk 0:19:12]} Bc6 {[%clk 0:19:03]} 17. Qd2
{[%clk 0:18:53]} Qh4 {[%clk 0:18:15]} 18. Qe3 {[%clk 0:18:17]} Rad8
{[%clk 0:18:06]} 19. Rcd1 {[%clk 0:18:08]} Qg5 {[%clk 0:17:37]} 20. Qxg5
{[%clk 0:17:41]} hxg5 {[%clk 0:17:39]} 21. Ne4 {[%clk 0:17:28]} Rxd4
{[%clk 0:17:27]} 22. Ng3 {[%clk 0:17:16]} Rfd8 {[%clk 0:17:17]} 23. Bc2
{[%clk 0:16:53]} Rxd1 {[%clk 0:17:17]} 24. Bxd1 {[%clk 0:16:56]} Nd5
{[%clk 0:17:10]} 25. Bc2 {[%clk 0:15:07]} Nb4 {[%clk 0:16:58]} 26. Bb1
{[%clk 0:14:54]} f6 {[%clk 0:15:47]} 27. Ne4 {[%clk 0:14:26]} Kf7
{[%clk 0:15:20]} 28. a3 {[%clk 0:13:46]} Nd3 {[%clk 0:14:52]} 29. Nc3
{[%clk 0:12:59]} Nf4 {[%clk 0:14:45]} 30. Be4 {[%clk 0:12:28]} Ne2+
{[%clk 0:14:38]} 31. Nxe2 {[%clk 0:12:28]} Bxe4 {[%clk 0:14:42]} 32. Nc3
{[%clk 0:12:26]} Bc6 {[%clk 0:14:37]} 33. Rc1 {[%clk 0:11:47]} f5
{[%clk 0:13:41]} 34. Rd1 {[%clk 0:11:15]} Rxd1+ {[%clk 0:13:29]} 35. Nxd1
{[%clk 0:11:19]} e5 {[%clk 0:13:17]} 36. g3 {[%clk 0:11:02]} f4 {[%clk 0:13:15]}
37. Kf1 {[%clk 0:11:05]} Ke6 {[%clk 0:12:53]} 38. Ke2 {[%clk 0:10:47]} e4
{[%clk 0:12:46]} 39. Nc3 {[%clk 0:10:51]} Kf5 {[%clk 0:12:42]} 40. h3
{[%clk 0:10:29]} Ke5 {[%clk 0:12:12]} 41. Kd2 {[%clk 0:10:19]} Bd7
{[%clk 0:11:54]} 42. g4 {[%clk 0:10:17]} Kd4 {[%clk 0:11:51]} 43. Ne2+
{[%clk 0:10:18]} Ke5 {[%clk 0:11:52]} 44. Nc3 {[%clk 0:10:20]} Bc6
{[%clk 0:11:56]} 45. Ne2 {[%clk 0:10:03]} Bb5 {[%clk 0:11:46]} 46. Ng1
{[%clk 0:08:58]} Kd4 {[%clk 0:11:42]} 47. a4 {[%clk 0:06:26]} Bd3
{[%clk 0:11:20]} 48. h4 {[%clk 0:03:31]} gxh4 {[%clk 0:10:57]} 49. Nh3
{[%clk 0:03:36]} e3+ {[%clk 0:11:01]} 50. fxe3+ {[%clk 0:03:39]} fxe3+
{[%clk 0:11:03]} 51. Ke1 {[%clk 0:03:36]} Kc3 {[%clk 0:10:58]} 52. Nf4
{[%clk 0:03:35]} g6 {[%clk 0:09:21]} 53. g5 {[%clk 0:03:29]} Bf5 {[%clk 0:09:20]}
54. b4 {[%clk 0:03:28]} Kxb4 {[%clk 0:09:15]} 55. a5 {[%clk 0:03:32]} Kxa5
{[%clk 0:09:18]} 56. Ne2 {[%clk 0:03:17]} b5 {[%clk 0:09:14]} 57. Nd4
{[%clk 0:03:14]} Bg4 {[%clk 0:09:10]} 58. Nc6+ {[%clk 0:03:06]} Kb6
{[%clk 0:09:09]} 59. Nd4 {[%clk 0:03:06]} e2 {[%clk 0:08:59]} 60. Kf2
{[%clk 0:02:37]} a5 {[%clk 0:08:55]} 61. Nc2 {[%clk 0:02:39]} b4 {[%clk 0:08:46]}
62. Kg2 {[%clk 0:02:41]} b3 {[%clk 0:08:49]} 63. Na3 {[%clk 0:02:35]} e1=Q
{[%clk 0:08:45]} 64. Nc4+ {[%clk 0:02:38]} Kc5 {[%clk 0:08:47]} 65. Ne3
{[%clk 0:02:37]} Qg3+ {[%clk 0:08:44]} 66. Kf1 {[%clk 0:02:41]} Qxe3
{[%clk 0:08:44]} 67. Kg2 {[%clk 0:02:37]} Qe2+ {[%clk 0:08:47]} 68. Kg1
{[%clk 0:02:37]} Kd4 {[%clk 0:08:50]} 69. Kh1 {[%clk 0:02:39]} Bf3+
{[%clk 0:08:54]} 70. Kg1 {[%clk 0:02:42]} Qg2# 0-1